Loading...
| Beliefs | 8 | 6.25 | 63% | 0% | 0% |
| Fine Arts - Classical Music and Opera | 4 | 15.00 | 100% | 50% | 0% |
| Fine Arts - Other Fine Arts | 6 | 20.00 | 100% | 83% | 17% |
| Fine Arts - Visual Fine Arts | 7 | 12.86 | 100% | 29% | 0% |
| History - European History | 3 | 16.67 | 100% | 67% | 0% |
| History - Other History | 3 | 10.00 | 67% | 33% | 0% |
| History - US History | 4 | 7.50 | 50% | 25% | 0% |
| History - World History | 6 | 13.33 | 100% | 33% | 0% |
| Literature - American Literature | 8 | 15.00 | 88% | 63% | 0% |
| Literature - British Literature | 4 | 20.00 | 100% | 75% | 25% |
| Literature - European Literature | 5 | 22.00 | 100% | 80% | 40% |
| Literature - World Literature | 3 | 16.67 | 100% | 67% | 0% |
| Modern World | 5 | 8.00 | 80% | 0% | 0% |
| Other Academic | 1 | 10.00 | 100% | 0% | 0% |
| Philosophy | 5 | 12.00 | 100% | 20% | 0% |
| Science - Biology | 5 | 10.00 | 80% | 20% | 0% |
| Science - Chemistry | 5 | 10.00 | 60% | 40% | 0% |
| Science - Earth Science | 1 | 0.00 | 0% | 0% | 0% |
| Science - Other Science | 5 | 8.00 | 80% | 0% | 0% |
| Science - Physics | 3 | 13.33 | 100% | 33% | 0% |
| Social Science | 7 | 8.57 | 71% | 14% | 0% |